000 00482nam a22001577a 4500
003 OSt
005 20251204072212.0
008 251204b |||||||| |||| 00| 0 eng d
040 _aDWCL-Main lib.
_cOC
082 _aFil. 658 Ed24 1996
100 _aEdlagan, Bayani D.
245 _aManagement advisory services :
_bconcepts, methods, and application/
_cBayani D. Edlagan
260 _aManila :
_bCRPD,
_cc1996.
300 _a319 p. ;
_c 27 cm.
942 _2ddc
_cBK - FIL
_hFil.
_n0
999 _c6860
_d6860